Every Single Undertale/Deltarune Song - Statistics

General Stats
  • This quiz has been taken 90 times
    17 since last reset
  • The average score is 158 of 276
Answer Stats
Hint Song % Correct
Plays during Papyrus’s fight Bonetrousle
93%
Plays during Mad Dummy’s fight Dummy!
93%
Toriel’s theme Fallen Down
93%
Plays during Napstablook’s battle Ghost Fight
93%
Plays in the Ruins Ruins
93%
Flowey’s theme Your Best Friend
93%
Plays when you start dating Papyrus Dating Start!
86%
Plays when Papyrus is denying you Dating Tense!
86%
Plays in Toriel’s house Home
86%
Plays during the first part of Asriel Dreemurr’s fight Hopes And Dreams
86%
The first song that plays in the game. Once Upon a Time
86%
sans’s Deltarune theme (light world chapter 2 starts) | sans’s theme sans.
86%
Plays when in the shops all over theunderground Shop
86%
Plays during Undyne’s normal fight Spear of Justice
86%
Plays during the second part of the first Undyne cutscene Undyne
86%
Plays on the joystick config menu in Spring and Autumn Uwa!! So Temperate
86%
Plays in Waterfall Waterfall
86%
Alphys’s theme Alphys
79%
One single letter (chances are you have this already) C
79%
Plays when Papyrus is arguing with you (during the date) Dating Fight!
79%
Plays during Mettaton EX’s fight Death By Glamour
79%
Plays when disarming bombs Death Report
79%
Plays when you die Determination
79%
Annoying Dog’s theme Dogsong
79%
The non-boss battle theme in every area (Except in CORE and on hard mode) Enemy Approaching
79%
Plays during Toriel’s battle Heartache
79%
Plays when you save Asriel His Theme
79%
Plays during Mettaton’s fights Metal Crusher
79%
Papyrus’s theme Nyeh heh heh!
79%
Plays in Snowdin Town Snowdin Town
79%
Plays during Muffet’s fight Spider Dance
79%
A spooky tune Spooktune
79%
Has many variants, however only two are on the soundtrack (Including this one) Start Menu
79%
Plays during the test of independence by Toriel Unnecessary Tension
79%
Plays during most Amalgamate fights Amalgam
71%
DELTARUNE CHAPTER 1
Plays during the character creation screen
ANOTHER HIM
71%
Plays during the dummy “fight” in Ruins Anticipation
71%
Plays during King’s fight Chaos King
71%
Plays when you’re laying on the ground of Napstablook’s house Chill
71%
Shortest song on the soundtrack Dogbass
71%
Plays in the field Field of Hopes and Dreams
71%
The only Christmas song in Undertale Ghouliday
71%
Same song as above but with a different instrument Home (Music Box)
71%
Plays in the Hotel Hotel
71%
Lancer’s theme Lancer
71%
Plays when you are looking for something to report on Live Report
71%
The elevator ride to New Home Long Elevator
71%
Plays during sans’s fight MEGALOVANIA
71%
The complete version of the menu Menu (Full)
71%
Plays in Napstablook’s house Pathetic house
71%
Plays during all the non-boss encounters of chapters one and three as well as all non boss encounters of chapter two outside of Queen’s palace Rude Buster
71%
Plays when Undyne is throwing spears at you Run!
71%
Plays when you’re saving your friends from Asriel SAVE The World
71%
Plays in the school School
71%
Plays in the Snowdin Snowy
71%
The wavy version of the above Spookwave
71%
Plays on Hard Mode Stronger Monsters
71%
Susie’s Theme Susie
71%
Plays in the Tem Shop Tem Shop
71%
The story Ralsei tells you The Legend
71%
The true version of the legend Ralsei told us The LEGEND...?
71%
Plays during the Snail Race Thundersnail
71%
Plays in New Home Undertale
71%
Plays on the joystick config menu in Winter Uwa!! So holiday
71%
Plays during Omega Flowey’s fight Your Best Nightmare
71%
Plays when sailing through acid on a swan Acid Tunnel of Love
64%
Plays when YOUR TAKING TOO LONG A DARK ZONE
64%
The first used board theme Adventure Board
64%
Plays during the Mike minigames Airwaves
64%
Plays in Hotland Another Medium
64%
Plays during Asgore’s fight ASGORE
64%
Plays at the barrier Barrier
64%
Plays during Undyne the Undying’s fight Battle Against A True Hero
64%
Berdly’s Theme Berdly
64%
Asgore’s theme Bergentrückung
64%
Plays during Spamton NEO’s battle BIG SHOT
64%
Plays during the Roaring Knight’s battle Black Knife
64%
Plays in Castle Town in chapter 4 Castle Funk
64%
Plays during Mike, Mike, and Mike’s fights Catswing
64%
Plays during K. Round’s fight Checker Dance
64%
Plays at the first area of the dark world Cliffs
64%
Plays when Royal Guard 01 and Royal Guard02 confess Confession
64%
Plays in the CORE CORE
64%
Plays in Queen’s basement Digital Roots
64%
Plays in chapter one’s credits Don’t Forget
64%
Plays in the S-rank room Dump
64%
Plays in Castle Town when nobody else is there Empty Town
64%
Plays when you meet ERAM ERAM
64%
Plays when Tenna’s first introduced Feature Presentation
64%
Plays when the SOULs betray Omega Flowey Finale
64%
Plays during the Titan’s battle GUARDIAN
64%
Plays during Gerson’s battle Hammer of Justice
64%
Plays when you first encounter Spamton HEY EVERY !
64%
Plays in Rouxls Kaard’s shop Hip Shop
64%
Plays at the church when they sing the hymn Hymn
64%
Plays when you fight Rouxls Kaard in the acid area It’s Pronounced “Rules”
64%
Plays in the hotel when you’re with sans It’s Raining Somewhere Else
64%
Plays during Tenna’s battle It’s TV Time!
64%
Plays when you talk about Spamton’s keygen item more than once KEYGEN
64%
Commonly known as Dess’s theme Lost Girl
64%
Plays during Mad Mew Mew’s fight (Nintendo) Mad Mew Mew
64%
Ironically, this song is Tenna’s theme MIKE, The BOARD, Please!
64%
Plays in Castle Town after chapter 1 My Castle Town
64%
Plays when Gerson helps you defeat the Titan Need a hand!?
64%
Undyne’s theme NGAHHH!!
64%
Plays during Spamton’s fight NOW’S YOUR CHANCE TO BE A
64%
Plays when you flick Mettaton’s lever Oh My…
64%
The song right before you get to the Lab Ooo
64%
Plays in Queen’s mansion Pandora Palace
64%
Plays during Mettaton NEO’s fight Power Of “NEO”
64%
Plays when you’re at Grillby’s with sans Premonition
64%
Queen’s Theme Queen
64%
Plays in the quizzes Quiz!
64%
Plays in the music minigame Raise Up Your Bat
64%
Version of Rude Buster that plays in Lanino & Elnina’s fight, as well as Shuttah’s first fight Ruder Buster
64%
Unused song that is Tenna’s theme in a bit crushed style Sandy Board
64%
Plays in the forest Scarlet Forest
64%
Plays during Berdly’s fight Smart Race
64%
Spamton’s theme Spamton
64%
Plays during the Spawn’s battle SPAWN
64%
Plays when you get the sword in the mantle minigame SWORD
64%
Plays in Temmie Village Temmie Village
64%
Plays in the room before Jevil’s The Circus
64%
sans HOW DARE YOU DO THAT TO TORIEL?!? The Ol’ Jitterbug
64%
Plays in the second sanctuary The Second Sanctuary
64%
Plays during Jevil’s fight THE WORLD REVOLVING
64%
Plays when you make a machine to thrash yourself Thrash Machine
64%
Plays in TV World TV WORLD
64%
Plays on the joystick config menu in Summer Uwa!! So Heats!!
64%
Plays during buble’s battle Vapor Buster
64%
Plays when Susie fights Lancer Vs. Susie
64%
Plays when you win the fight above When I Get Happy I Dance Like This
64%
Plays in Kris’s home You Can Always Come Home
64%
The earliest point in the morning, or the latest point in the night 12am
57%
Plays when Ralsei beats the statue 13am
57%
Plays in Cyber Field A CYBER’S WORLD?
57%
Plays in the club area of Card Castle April 2012
57%
Plays before cutting Spamton NEO’s last string A Real Boy!
57%
Plays when Toriel is driving you to school Beginning
57%
Rejected theme of Berdly Berdly (Rejected Concept)
57%
Plays in the manhole of the mantle minigame BIT ROOTS
57%
Plays when Berdly admits to not being as smart as he claims Bluebird Of Misfortune
57%
Plays after the Knight kills Tenna Breath
57%
Plays when you are nearly dead in Asriel’s fight Burn In Despair!
57%
Plays in Card Castle Card Castle
57%
Plays when KRIS GET THE BANANA Cool Mixtape
57%
Plays when you climb the Titan Crumbling Tower
57%
Plays in the First Sanctuary Dark Sanctuary
57%
Plays before Spamton NEO’s battle Deal Gone Wrong
57%
Plays in Spamton’s shop Dialtone
57%
Plays when your friends are saving you from Flowey at the end of a pacifist route Don’t Give Up
57%
Plays while in the burning board when you’re trapped byTenna Doom Board
57%
DELTARUNE CHAPTER 3 Plays when Ralsei explains the Dark World Flashback (Excerpt)
57%
Chapter 4’s battle theme From Now On (Battle 2)
57%
Only plays on a specific fun value and is known for being everywhere, including in the song below Gaster’s Theme
57%
Plays when Queen’s “final form” is revealed Giga Size
57%
Plays at Noelle’s house Gingerbread House
57%
Gerson’s theme Gyaa Ha ha!
57%
Plays in the True Lab Here We Are
57%
The only Christmas song in Deltarune Holiday Studio
57%
Plays in the room with the mysterious door in snowdin Mysterious place
57%
Plays when Mettaton is in a dress Oh! One True Love
57%
DELTARUNE CHAPTER 4 Plays at the church Old wooden rafters
57%
Plays in the cooking minigame Physical Challenge
57%
Plays when you have to push Ralsei for a puzzle Pushing Buddies
57%
Unused song used on Twitter however is part of the soundtrack still Query?
57%
Version of the first area theme Quiet Water
57%
Plays when you fight the statue of Gerson Ripple
57%
Rouxls Kaard’s theme Rouxls Kaard
57%
Plays outside of Undyne’s house right before you date She’s Playing Piano
57%
Plays while testing for the music minigame Sound Check
57%
Has way too many time signatures The Third Sanctuary
57%
The sounds you hear as soon as you go through the grand door from the castle town Weird Birds
57%
Plays in the Green Room Welcome To The Green Room
57%
Plays right before the Sweet Cap’n Cakes battle When I Get Mad I Dance Like This
57%
Plays when your SOUL seals a Dark Fountain Your Power
57%
Plays while dodging Sweet’s attacks (outside of battle) Almost To The Guys!
50%
Plays during sans’s phone call at the end of every neutral route An Ending
50%
Plays in Hometown after chapters one and two A Town Called Hometown
50%
Plays during Queen’s fight (also known for mr beast) Attack of the Killer Queen
50%
Plays in the unused City board Big City Board
50%
Plays during the credits Bring It In, Guys!
50%
Plays during ERAM’s battle BURNING EYES
50%
Plays when Mettaton is throwing eggs, flour, and milk at you Can You Really Call This A Hotel, I Didn’t Receive A Mint On My Pillow Or Anything
50%
Plays in between the hotel and the CORE CORE Approach
50%
Plays when you give up after death Darkness Falls
50%
Plays when Lancer digs and gets you a key Dig! Dig To The Center of the Earth!
50%
Plays when you climb Ever Higher
50%
A version of Toriel’s theme that plays at the end of a pacifist route Fallen Down (Reprise)
50%
Plays when Susie and Noelle are in Noelle’s room Ferris Wheel
50%
Plays in Gerson’s study area Fireplace
50%
Plays at the diner when Kris and Susie draw on thewindow Friends
50%
Plays when King threatens Lancer and the gang Gallery
50%
Noelle’s theme Girl Next Door
50%
Plays in the parental lock rooms Glowing Snow
50%
Plays at the end of the game Good Night
50%
Plays before Susie fights Lancer Imminent Death
50%
First Mettaton song that plays It’s Showtime!
50%
Plays in Tenna’s secret room with the TV Pose KING OF ROLYPOLY
50%
Plays during the final battle against Queen Knock You Down !!
50%
Plays in Seam’s shop Lantern
50%
Plays during the thank you section Last Goodbye
50%
Plays during the cutscene where you fall into the dump Memory
50%
Plays while in encounters of the above area Metaphysical Challenge
50%
Plays when the Thrash Machine is used against Queen Powers Combined
50%
Plays when Lancer first attacks you The Chase
50%
Plays when Ralsei reveals what The Roaring is The Dark Truth
50%
Plays the first time you go to the closet The Door
50%
Referenced in Undertale, plays after all the dark worlds of chapter 4 are done The place where it rained
50%
Plays in chapter two and three’s credits Until Next Time
50%
Plays in Mike’s room Volume Adjustment
50%
Plays during the fight against Lancer and Susie Vs. Lancer
50%
Plays when Gerson is teaching Susie Wise Words
50%
Only accessible in game on the 10th of October Wrong Enemy !?
50%
Plays right before Omega Flowey’s fight You Idiot
50%
Chapter 4’s first hometown theme Another day in hometown
43%
Plays in Queen’s arcade game A Simple Diversion
43%
Plays when you’re in prison Basement
43%
Plays when you finish a board Board Clear!
43%
Plays when Undyne defeats death itself But The Earth Refused To Die
43%
2 seconds long, making it the shortest song. Concert for you
43%
Plays directly after the previous song Cool Beat
43%
Plays during the first part of the first Undyne cutscene Danger Mystery
43%
DELTARUNE CHAPTER 2 Plays on the title screen of chapter 2 Faint Glow
43%
Plays when Asriel restores the underground Final Power
43%
Plays in the peaceful epilogue of chapter one Friendship
43%
Plays in the Ice Palace GLACEIR
43%
The rhythm version of one of Queen’s songs Knock You Down!! - Rhythm Ver.
43%
Odd sounds that are ringing Mysterious Ringing
43%
Plays in chapter 4’s credits Neverending Night
43%
Plays on the second coloured tile puzzle Oh! Dungeon
43%
Named after a sound in game Ohhhhohohoho
43%
Plays at the bake sale Quiet Autumn
43%
Plays when on the raft in the second board Raft Ride
43%
Plays during the pacifist epilogue Reunited
43%
Plays when in front of a Dark Fountain THE HOLY
43%
Plays in Cyber City WELCOME TO THE CITY
43%
Plays in some scenes with Tenna in both chapters 3 and 4 And Now For Today’s Sponsors..!
36%
Plays on the menu after beating chapters one, two, and three | Plays on the menu after beating the chapter Before The Story
36%
Plays during Sweet Cap’n Cakes fight Cyber Battle (Solo)
36%
Plays in a few rooms of Queen’s mansion Elegant Entrance
36%
Plays when you beat Mettaton EX For The Fans
36%
Plays when Tenna returns Toriel to you Hall of Fame
36%
Plays when Lancer intercepts you in the board I’m Very Bad
36%
The shortest Mettaton song Last Episode!
36%
Plays in a few rooms of the mantle minigame if you got the ice key NORTHERNLIGHT
36%
Plays when the main characters are looking out at the sun Respite
36%
A slowed down version plays in New Home in genocide Small Shock
36%
Plays at Sweet Cap’n Cakes shop Sound Studio
36%
Plays on Tenna’s cool tree island SOUTH OF THE BORDER!!
36%
Plays in the Judgement Hall The Choice
36%
Plays in Noelle’s vents The distance between two
36%
Plays on the menu after beating the chapter With Hope Crossed On Our Hearts
36%
Plays in the very first part of the very first dark world of chapter 4 ATRIUM
29%
Plays when you are walking forward with the gang towards the Knight Dark Place
29%
Plays when you die Faint Courage (Game Over)
29%
Plays when the Titan is summoned Heavy Footsteps
29%
Plays in the Cyber City music shop Mini Studio
29%
Plays on the second board Paradise, Paradise
29%
Plays when the prisoners escape Chill Jailbreak Alarm To Relax And Study To
21%
Plays when you’re at the shelter at the end of Chapter 3 Crickets
21%
Plays when Susie joins the party Fanfare (from “Rose of Winter”)
21%
Plays in the shrine underneath Papyrus’s sink (Playstation) Mysterious Shrine
14%
(Unofficial name) Plays when you fight Snowdrake’smom So Cold
14%
Plays when a little bird carries you Bird that carries you over a disproportionally small gap
7%
Plays at the casino underneath Papyrus’s sink (Xbox) Dog Casino
7%
Plays when Kris plays piano with our soul still in them Piano that may not be played well
7%
CHAPTER 5 Yes, we do already have some music from chapter 5. This song will play in a shop Shop 3
7%
(Unofficial name) Plays when you fight Endogeny Woofenstein
7%
Plays when you get a jackpot at the casino (Xbox) Dog Casino Jackpot
0%
Plays in the seal underneath Papyrus’s sink (Nintendo) Dog Seal
0%
Plays in the shrine once you donate enough money (Playstation) Overly Familiar Shrine
0%
A fully unused song that is also called STMPWYFS Song That Might Play While You Fight Sans
0%
No matching quizzes found
Score Distribution
Percent of People with Each Score
Percentile by Number Answered
Your Score History
You have not taken this quiz since the last reset